书目信息 |
| 题名: |
诺曼人简史
|
|
| 作者: | 希克斯 著 ;陈友勋 译 | |
| 分册: | ||
| 出版信息: | 北京 化学工业出版社 2018 |
|
| 页数: | 259页 | |
| 开本: | 23cm | |
| 丛书名: | ||
| 单 册: | ||
| 中图分类: | K53 | |
| 科图分类: | ||
| 主题词: | 诺曼人--历史 | |
| 电子资源: | ||
| ISBN: | 978-7-122-30471-1 | |
| 000 | 01173nam0 2200289 450 | |
| 001 | 012001002167 | |
| 005 | 20140926114739.0 | |
| 010 | @a978-7-122-30471-1@b精装@dCNY69.80 | |
| 100 | @a20180217d2018 em y0chiy50 ea | |
| 101 | 1 | @achi@ceng |
| 102 | @aCN@b110000 | |
| 105 | @aa z 000yy | |
| 106 | @ar | |
| 200 | 1 | @a诺曼人简史@9nuo man ren jian shi@dA short history of the Normans@f(英)莉奥妮·V. 希克斯著@g陈友勋译@zeng |
| 210 | @a北京@c化学工业出版社@d2018 | |
| 215 | @a259页@c图@d23cm | |
| 300 | @a新视角全球简史系列 | |
| 305 | @a由伦敦I.B. Tauris&Co Ltd授权出版 | |
| 306 | @a本书限中国大陆发行 | |
| 330 | @a本书讲述了从维京入侵、诺曼底殖民、安条克与西西里征战直到威廉征服的两个多世纪里的诺曼人发展历程,此外,还以主题形式涉及到诺曼人历史的各个层面,尤其是在诺曼社会形态及诺曼文化与西欧各文化间的碰撞与交流等方面,做了重点阐述;并特别讨论了诺曼人的独特的身份特征及历史发展。 | |
| 510 | 1 | @aShort history of the Normans@zeng |
| 606 | 0 | @a诺曼人@x历史 |
| 690 | @aK53@v5 | |
| 701 | 0 | @c(英)@a希克斯@9xi ke si@c(Hicks, Leonie V.)@4著 |
| 702 | 0 | @a陈友勋@9chen you xun@f(1975-)@4译 |
| 801 | 0 | @aCN@b上海新华@c20180901 |
| 905 | @b1152757-61@dK53@e2@f5 | |
| 诺曼人简史=A short history of the Normans/(英)莉奥妮·V. 希克斯著/陈友勋译.-北京:化学工业出版社,2018 |
| 259页:图;23cm |
| 新视角全球简史系列 |
| ISBN 978-7-122-30471-1(精装):CNY69.80 |
| 本书讲述了从维京入侵、诺曼底殖民、安条克与西西里征战直到威廉征服的两个多世纪里的诺曼人发展历程,此外,还以主题形式涉及到诺曼人历史的各个层面,尤其是在诺曼社会形态及诺曼文化与西欧各文化间的碰撞与交流等方面,做了重点阐述;并特别讨论了诺曼人的独特的身份特征及历史发展。 |
| ● |
| 相关链接 |
|
|
|
|
正题名:诺曼人简史
索取号:K53/2
 
预约/预借
| 序号 | 登录号 | 条形码 | 馆藏地/架位号 | 状态 | 备注 |
| 1 | 1152757 | 211527579 | 第二样本阅览室/ [索取号:K53/2] | 在馆 | |
| 2 | 1152758 | 211527588 | 密集书库-史法系/ [索取号:K53/2] | 在馆 | |
| 3 | 1152759 | 211527597 | 第二借阅区/ [索取号:K53/2] | 在馆 | |
| 4 | 1152760 | 211527604 | 第二借阅区/ [索取号:K53/2] | 在馆 | |
| 5 | 1152761 | 211527613 | 第二借阅区/ [索取号:K53/2] | 在馆 |